000 00439nmm a2200157Ia 4500
008 251105s9999||||xx |||||||||||||||||und||
020 _a9788498385717
041 _aspa
100 _aSparaco, Simona
245 0 _aNadie sabe de nosotros
264 _a[Madrid, España] :
_bEdiciones Salamandra,
_c2014
300 _a256 páginas
650 _aOther narratives
856 _uhttps://public.digitaliapublishing.com/a/48281
942 _cCF
999 _c91766
_d91766